Reactivity of solids : proceedings of the Seventh International Symposium on the Reactivity of Solids, Bristol, 17-21 July 1972 /

Bibliographic Details
Corporate Author: International Symposium on the Reactivity of Solids Bristol, England
Other Authors: Anderson, J. S. (John Stuart), Roberts, M. W. (Meirion Wynn), Stone, F. S. (Frank Sidney)
Format: Conference Proceeding Book
Language:English
Published: London : Chapman and Hall, 1972.
Subjects:

MARC

Tag First Indicator Second Indicator Subfields
LEADER 00000cam a2200000 a 4500
001 in00000070363
005 20151008061719.0
008 730502s1972 enka b 10110 engm
010 |a  73157197  
015 |a B73-01891 
020 |a 0412116103  |c 11.00 
035 |a (OCoLC)00628949 
035 |9 AAJ8662AM 
040 |a DLC  |c DLC  |d m.c.  |d TXA  |d UtOrBLW 
049 |a TXAM  |c [928283] 
050 0 0 |a QD501  |b .I637 1972 
082 0 |a 541/.042/1 
111 2 |a International Symposium on the Reactivity of Solids  |n (7th :  |d 1972 :  |c Bristol, England) 
245 1 0 |a Reactivity of solids :  |b proceedings of the Seventh International Symposium on the Reactivity of Solids, Bristol, 17-21 July 1972 /  |c edited by J.S. Anderson, M.W. Roberts, F.S. Stone. 
264 1 |a London :  |b Chapman and Hall,  |c 1972. 
300 |a xiv, 812 pages :  |b illustrations ;  |c 24 cm. 
336 |a text  |b txt  |2 rdacontent 
337 |a unmediated  |b n  |2 rdamedia 
338 |a volume  |b nc  |2 rdacarrier 
504 |a Includes bibliographical references. 
650 0 |a Solids  |v Congresses. 
650 0 |a Reactivity (Chemistry)  |x Congresses. 
700 1 |a Anderson, J. S.  |q (John Stuart) 
700 1 |a Roberts, M. W.  |q (Meirion Wynn) 
700 1 |a Stone, F. S.  |q (Frank Sidney) 
999 |a MARS 
999 f f |s 714d8d68-54ea-3f7f-a093-02c78182997a  |i 090288d0-4c2f-3ba2-a234-9b517bb4a7f8  |t 0 
952 f f |p ric  |a Texas A&M University  |b Rellis Campus  |c Joint Library Facility  |s JLF  |d Remote Storage  |t 0  |e QD501 .I637 1972  |h Library of Congress classification  |i unmediated -- volume  |m A14806212490 
998 f f |a QD501 .I637 1972  |t 0  |l Remote Storage